Beyond calculation : the next fifty years of computing

Αποθηκεύτηκε σε:
Λεπτομέρειες βιβλιογραφικής εγγραφής
Κύριος συγγραφέας: Denning, Peter J. 1942-
Άλλοι συγγραφείς: Metcalfe, Robert M. 1946-
Μορφή: Βιβλίο
Γλώσσα:English
Δημοσίευση: New York : Copernicus, c1997
Θέματα:
Ετικέτες: Προσθήκη ετικέτας
Δεν υπάρχουν, Καταχωρήστε ετικέτα πρώτοι!

MARC

LEADER 00000nam a2200000 i 4500
001 1/95637
008 991211s1997 eng d
020 |a 0-387-98588-3 
035 |l 10055396 
040 |a GR-MY-UA  |b gre  |e aacr 
041 0 |a eng 
082 0 |a 004.09 
100 1 |a Denning, Peter J.  |d 1942- 
245 1 0 |a Beyond calculation :  |b the next fifty years of computing /  |c Peter J. Denning, Robert M. Metcalfe ; foreword by James Burke 
260 |a New York :   |b Copernicus,   |c c1997 
300 |a xviii, 313 σ.;  |b εικ.;  |c 25 εκ. 
504 |a Περιλαμβάνει βιβλιογραφίες και ευρετήριο 
650 0 0 |a Electronic data processing. 
650 0 0 |a Computers. 
700 1 |a Metcalfe, Robert M.  |d 1946- 
852 |a INST  |b SAMOS  |e 19991211  |h 004.09 DEN  |p 005300016467  |q 005300016467  |t BK  |y 0 
852 |a INST  |b SYROS  |e 20061109  |h 004.0905 DEN  |p 005500007440  |q 005500007440  |t BK  |y 0 
901 |a BIBL3-1999-3 
901 |a BIBL5-2007-1 
909 |a Σ  |b 070956 
909 |a Ε  |b 129880 
922 |a 3ΕΛΗ  |b 199911  |c ΤΠΕΣ  |d ΠΑΠΑΣΩΤΗΡΙΟΥ 
922 |a 5ΕΛΗ  |b 200611  |c ΒΙΒΛΙΟΘΗΚΗ ΣΥΡΟΥ  |d GLORYBOOK 
950 |a 188-2006-10-10 
970 |a ΓΕΝΟΥΖΟΥ  |b ΧΡΥΣΑΝΘΗ  |z 1999/12/11